LEADER 01214nam a2200265 i 4500 001 000000245822 003 CaOOAMICUS 005 20151019000000.0 008 151019s1953 it u000 u ita u 013 $a224727 040 $aSeMil$bita 100 1 $aSchuster, Alfredo Ildefonso,$c.$0(OLS)http://semarc/name/89146 245 10$aPensieri Mariani su le Litanie Lauretane /$cIldefonso Card. Schuster Arcivescovo di Milano. 260 $aMilano :$bPontificia Editrice Arcivescovile Daverio,$cstampa 1953. 260 $aMilano :$bEdizione S.T.E.M.,$cstampa 1953. 300 $a114 p. ;$c19 cm. 500 $aFondo card. Giovanni Colombo. 650 4$aLitanie - Maria - Commenti.$0(OLS)http://semarc/subject/29366 850 $aSeMil 852 $aSeMil$W1$xVenegono$y1$m3GC I 537$j196168$B196168$CSeMilBibl$Z2$F206985 $8B 941 1 $a3 961 $aLascito: Colombo Card. Giovanni 996 $6245$aPensieri Mariani su le Litanie Lauretane$9(OLS)http://semarc/title/267279 996 $6260$aMilano :$bEdizione S.T.E.M.$9(OLS)http://semarc/publisher/46184 996 $6260$aMilano :$bPontificia Editrice Arcivescovile Daverio$9(OLS)http://semarc/publisher/30040 LEADER 00951nam a2200253 i 4500 001 000000070888 003 CaOOAMICUS 005 20060117000000.0 008 060117s1953 it u000 u ita u 013 $a42060 040 $aSeMil$bita 245 13$aLe nuove notti arabe e altri racconti /$cR. L. Stevenson ; a cura di Laura Babini. 260 $aRoma :$bGherardo Casini,$cstampa 1953. 300 $a678 p. ;$c21 cm. 490 0 $aI grandi maestri ;$v15 500 $aFondo Ciprandi. 700 1 $aBabini, Laura.$0(OLS)http://semarc/name/35277 830 2$aI grandi maestri ;$v15.$0(OLS)http://semarc/title/9745 850 $aSeMil 852 $aSeMil$W1$xVenegono$y1$m1W II 232$j37041$B37041$CSeMilBibl$Z2$F37044 $81 941 1 $a1 961 $aOmaggio: Ciprandi dott. Paolo 996 $6245$aLe nuove notti arabe e altri racconti$9(OLS)http://semarc/title/113905 996 $6260$aRoma :$bGherardo Casini$9(OLS)http://semarc/publisher/33968